Statistiques concernant Quiz sur l'Iran

Cliquez ici pour prendre le quiz!

Statistiques générales

  • Ce quiz a été pris 9 961 fois
  • Le résultat moyen est 9 sur 20

Statistiques - réponses

QuestionRéponse% Correct
Capitale contemporaine de l'IranTéhéran
94%
Branche de l'Islam la plus pratiquéeChiisme
85%
Pays ayant été en guerre
contre l'Iran de 1980 à 1988
Irak
75%
Principal produit exportéPétrole
73%
« Mer » qui borde l'Iran au nordCaspienne
66%
Langue officiellePersan
63%
Titre du dirigeant iranien renversé en 1979Shah
57%
L'Iran est le seul pays non-africain ayant
une population sauvage de ce félin
Guépard
48%
Titre religieux porté par ce dernierAyatollah
45%
Détroit situé entre le Golfe Persique
et le Golfe d'Oman
Détroit d'{Ormuz}
43%
Rois de Perse surnommés 'le Grand'Xerxès
39%
Rois de Perse surnommés 'le Grand'Darius
37%
Guide spirituel de la révolution islamiqueRouhollah Khomeini
36%
Capitale de l'empire perse achéménide
incendiée par Alexandre le Grand
Persépolis
22%
Prophète aussi dénommé ZarathoustraZoroastre
22%
Écrivain condamné à mort par celui-ci,
à cause des « Versets Sataniques »
Salman Rushdie
20%
Sport national officielLutte libre
18%
Devise monétaireRial
18%
Rois de Perse surnommés 'le Grand'Cyrus
17%
Chaîne de montagnes majeure
(dont le nom commence par un Z)
Monts Zagros
10%

Distribution des résultats

Percentile par nombre de réponses

% des personnes avec chaque résultat

Votre développement - résultats

Vous n’avez pas pris ce quiz